Cristiano Ronaldo - quiz wielokrotnego wyboru - Statystyki

Ogólne statystyki
  • Ten quiz został rozwiązany 602 razy
  • Średni wynik to 7 z 15
Statystyki odpowiedzi
Zagadnienie Odpowiedź % Poprawnych
Ulubionym napojem Ronaldo jest ? Woda
92%
Jego żona to ? Georgina Rodriguez
89%
Cristiano urodził się na wyspie ? Madera
86%
Urodził się w roku ? 1985
70%
Najdłuższym Trenerem Ronaldo w karierze był? Alex Ferguson
54%
Do jakiego klubu miał trafić Ronaldo 2022 ale jednak w ostatniej chwili stwierdził że trafi Man united? Manchesteru City
52%
Ile goli Ronaldo strzelił Legii w pamiętnej fazie grupowej? 0
45%
Przeniósł się do Manchesteru United po raz pierwszy za ile milionów Euro? 19
40%
Ile Rzutów Karnych Nie wykorzystał w karierze CR7? 29
35%
Ronaldo na Instagramie ma obserwujących ponad? 600 mln
33%
Od jakiego wieku grał w Sporting CP? 12
28%
Ile Goli strzelił Barcelonie? 20
27%
W Laliga miał występów ogólnie? 292
20%
Ile Ronaldo dostał Czerwonych Kartek w Serie A? 0
14%
Ile razy Ronaldo przegrał z Barceloną ? 15
9%
Nie znaleziono quizów pasujących do podanych kryteriów
Rozkład punktacji
Procent ludzi z każdym wynikiem
Percentyl według liczby udzielonych odpowiedzi
Twoja historia wyników
Nie rozwiązałeś tego quizu